| 000 | 00000nam 2200000zi 4500 |
| 001 | 9.946563 |
| 003 | CaOODSP |
| 005 | 20250619151101 |
| 006 | m o d f |
| 007 | cr mn||||||||| |
| 008 | 250107t20252025onc ob f000 0 fre d |
| 020 | |a9780660751283 |
| 040 | |aCaOODSP|bfre|erda|cCaOODSP |
| 043 | |an-cn--- |
| 045 | |ay2y2 |
| 086 | 1 |aCP22-228/2025F-PDF |
| 245 | 00|aComprendre les propriétaires d'armes à feu : |brapport méthodologique / |cpréparé à l'intention du Bureau du Conseil privé (BCP). |
| 264 | 1|a[Ottawa] : |bGouvernement du Canada, Bureau du Conseil privé = Government of Canada, Privy Council Office, |c2025. |
| 264 | 4|c©2025 |
| 300 | |a1 ressource en ligne (51 pages) |
| 336 | |atexte|btxt|2rdacontent/fre |
| 337 | |ainformatique|bc|2rdamedia/fre |
| 338 | |aressource en ligne|bcr|2rdacarrier/fre |
| 500 | |aPublié aussi en anglais sous le titre : Understanding firearms owners: methodological report. |
| 500 | |a« Nom de la firme de recherche : LES ASSOCIÉS DE RECHERCHE EKOS INC. » |
| 500 | |a« Numéro de contrat : 35035-241438. » |
| 500 | |a« Date de livraison des services : 9 janvier 2025. » |
| 500 | |a« Numéro d'enregistrement : ROP 071-24. » |
| 504 | |aComprend des références bibliographiques. |
| 650 | 6|aArmes à feu|xPossession|zCanada|xOpinion publique. |
| 650 | 6|aArmes à feu|xContrôle|zCanada|xOpinion publique. |
| 650 | 6|aArmes à feu|xDroit|zCanada|xOpinion publique. |
| 650 | 6|aOpinion publique|zCanada. |
| 650 | 6|aPropriétaires d'armes à feu|zCanada|xAttitudes. |
| 710 | 1 |aCanada. |bBureau du Conseil privé, |eorganisme de publication. |
| 710 | 2 |aAssociés de recherche Ekos, |econsultant. |
| 775 | 08|tUnderstanding firearms owners : |w(CaOODSP)9.946562 |
| 856 | 40|qPDF|s1.63 Mo|uhttps://publications.gc.ca/collections/collection_2025/bcp-pco/CP22-228-2025-fra.pdf|zRapport méthodologique |
| 856 | 4 |qHTML|sS.O.|uhttps://epe.bac-lac.gc.ca/100/200/301/pwgsc-tpsgc/por-ef/privy_council/2025/071-24-f/071-24-rapport.html |zRapport méthodologique |
| 856 | 4 |qHTML|sS.O.|uhttps://epe.bac-lac.gc.ca/100/200/301/pwgsc-tpsgc/por-ef/privy_council/2025/071-24-f/index.html|zEnsemble de données complet |